Diagnostika v automobiloch

Saved in:
Bibliographic Details
Main Author: Karaffa, Lukáš, 1986- (Author)
Other Authors: Bittera, Mikuláš, 1977- (Thesis advisor)
Format: Manuscript Book
Language:Slovak
Published: Bratislava : STU v Bratislave FEI, 2010
Subjects:
Online Access:VAIS
Tags: Add Tag
No Tags, Be the first to tag this record!

MARC

LEADER 00000ntm a22000003a 4500
001 stu216039
005 20150617230114.7
008 101110s2010----xo------------------slo-d
040 |a STU  |b slo 
041 0 |a slo 
044 |a xo 
100 1 |a Karaffa, Lukáš,  |d 1986-  |4 aut  |u E  |T FEI Fakulta elektrotechniky a informatiky  |X 35260  |U E  |Y 30  |7 A000035260 
242 0 0 |a Car diagnostics  |y eng 
245 1 |a Diagnostika v automobiloch 
260 |a Bratislava :  |b STU v Bratislave FEI,  |c 2010 
300 |a 38 s  |c príl. 
650 7 |a automobilová elektronika  |2 stusub 
650 7 |a Automobile Electronics  |2 estusub 
700 1 |a Bittera, Mikuláš,  |d 1977-  |4 ths  |u E040  |U FEI Fakulta elektrotechniky a informatiky  |T FEI Ústav elektrotechniky  |X 1777  |U E040  |Y 550  |7 A000001777 
856 4 |a info a plný text  |u http://is.stuba.sk/zp/portal_zp.pl?podrobnosti=56272  |3 VAIS